000 00733nam a2200217 4500
001 136072
003 ES-MaACL
005 20250808040856.0
007 t|
008 070214s1981 sp r ||||1| spa d
100 1 _aRowley, George.
_9100187
245 1 0 _aPrincipios de la pintura china /
_cGeorge Rowley ; versión de Aurelio Martínez Benito ; translitaración de las voces chinas de Joaquín Pérez Arroyo.
260 _aMadrid :
_bAlianza,
_c1981.
300 _a169 p., 20 lám. ;
_c23 cm.
490 1 _aAlianza forma
700 1 _aMartínez Benito, Aurelio.
_977891
700 1 _aPérez Arroyo, Joaquín.
_990647
830 0 0 _aAlianza forma
_9177869
852 _aES-MaACL
_jL-1813
_bR.102811
999 _c136072
_d136072